[Event "4th Memorial Warakomska-A 2020"]
[Site "Suwalki"]
[Date "2020.08.13"]
[Round "9.6"]
[White "Godzwon, Iwo"]
[Black "Rudzinska, Michalina"]
[Result "1/2-1/2"]
[WhiteElo "2347"]
[BlackElo "2080"]
[Annotator "TA"]
[PlyCount "81"]
[EventDate "2020.08.06"]
[EventType "swiss"]
[EventCountry "POL"]
[SourceTitle "playchess.com"]
[Source "ChessBase"]
[SourceQuality "1"]

{[%evp 18,81,31,0,49,20,12,12,13,13,20,0,31,11,11,10,8,5,6,8,4,5,18,19,20,14,19,11,15,17,24,0,5,7,40,40,40,40,40,40,33,35,50,0,48,0,128,118,175,29,21,23,24,25,36,47,47,0,0,0,0,0,0,0,0,0]} 1. e4 c5 2. Nf3 e6 3. d4 cxd4 4. Nxd4 Nc6 5. Nc3 a6 6. Be2 Qc7 7. O-O Nf6 8. Be3 Bb4 9. Nxc6 bxc6 10. f4 O-O {B49: Sicilian: Taimanov: 5 Nc3 Qc7 6 Be3 a6 7 Be2.} (10... Bxc3 $5 11. bxc3 Nxe4 $11) 11. e5 (11. Na4 {feels hotter.} Rb8 12. Bf3 Rd8 13. c3 Be7 14. Qc2) 11... Nd5 12. Nxd5 cxd5 13. Qd4 Rb8 14. c4 (14. a3 {is interesting.} Ba5 15. b4 Bb6 16. Qd3 Qa7 17. Bxb6 Qxb6+ 18. Kh1) 14... dxc4 {[#]} 15. Qxc4 $146 ({Predecessor:} 15. Rac1 d5 16. exd6 Qxd6 17. Qxc4 Bb7 18. a3 Ba5 19. Rfd1 Bd5 20. Qc5 Qd8 21. Bd4 Rxb2 22. Qxf8+ Kxf8 23. Bxb2 {0-1 (42) Sokolovsky,Y (2239)-Grieve,H (2277) Anogia 2019}) 15... Qxc4 16. Bxc4 d5 17. exd6 Bxd6 18. Rfd1 Be7 19. b3 Rd8 20. Rxd8+ Bxd8 21. Rd1 {[%cal Rd1d8] [#]} (21. Bd3 {is more complex.} g6 22. Rc1 a5 23. Ba7 Ra8 24. Bd4) 21... Be7 22. Be2 Kf8 23. Rc1 Bb7 24. Bc5 Bxc5+ 25. Rxc5 Rc8 26. Rxc8+ Bxc8 $14 {[%mdl 4096] Endgame KB-KB} 27. b4 Ke7 28. Kf2 Kd6 29. Bc4 Bb7 30. Ke3 e5 (30... a5 $5) 31. g3 f5 (31... Bd5 $11 32. fxe5+ (32. Bxa6 Bxa2 33. fxe5+ Kxe5 $11) 32... Kxe5) 32. a4 $16 e4 {[#]} (32... h6 $16) 33. Kd4 (33. a5 $1 $18) 33... Bc6 $1 $11 34. b5 axb5 35. axb5 Bb7 36. Bg8 h6 37. Bh7 Bc8 {The position is equal.} 38. g4 fxg4 39. Bxe4 Kc7 40. Ke5 h5 41. f5 {Accuracy: White = 77%, Black = 76%.} 1/2-1/2

[Event "4th Memorial Warakomska-A 2020"]
[Site "Suwalki"]
[Date "2020.08.13"]
[Round "9.7"]
[White "Praczukowski, Stanislaw"]
[Black "Malaczek, Mateusz"]
[Result "1-0"]
[WhiteElo "2132"]
[BlackElo "2036"]
[Annotator "TA"]
[PlyCount "69"]
[EventDate "2020.08.06"]
[EventType "swiss"]
[EventCountry "POL"]
[SourceTitle "playchess.com"]
[Source "ChessBase"]
[SourceQuality "1"]

{[%evp 11,69,64,59,33,67,34,78,80,103,104,104,99,105,103,103,99,108,91,89,80,75,69,83,63,80,56,91,75,96,65,43,62,58,79,111,85,258,252,255,245,223,155,164,161,158,123,121,117,147,133,143,145,154,127,245,190,661,358,384,340]} 1. e4 g6 2. d4 Bg7 3. Nc3 d6 4. f4 a6 5. Nf3 b5 6. Bd3 Nd7 7. Be3 {B06: Modern Defence.} Nh6 8. e5 c5 9. dxc5 {White is better.} dxc5 10. Qe2 Bb7 11. Be4 Bxe4 12. Nxe4 {[#]} Qc7 $146 ({Predecessor:} 12... Nf5 13. Bf2 Qc7 14. g4 Nh6 15. Nfg5 O-O 16. O-O Qc6 17. Rad1 Rad8 18. Qf3 Qc8 {1-0 (44) Pavasovic,D (2548)-Oberholzer,F (2034) chess.com INT 2017}) 13. O-O-O O-O 14. h4 Qc6 15. Bf2 f6 16. h5 fxe5 17. hxg6 hxg6 {[#]} 18. fxe5 $1 Nxe5 19. Nxe5 ({Don't play} 19. Nxc5 $6 Nxf3 20. gxf3 Qxf3 $11) 19... Bxe5 20. Kb1 Bg7 21. Bxc5 Rf4 22. Rhe1 Re8 23. Bd4 {Threatens to win with Bxg7.} e5 $2 {[#]} (23... Nf7 $16) 24. Bc3 $1 $18 Nf7 25. g3 Rf5 26. Qg4 Rd8 27. Rxd8+ Nxd8 28. Rd1 Nf7 29. a3 Qc4 30. b3 Qe6 31. Kb2 Qc6 32. Qe2 Qc7 (32... Bf8 $16 33. Bb4 Kg7) 33. Qd3 Ng5 $2 (33... Qc6 34. Bd2 Rh5) 34. Nxg5 Rxg5 35. Qd5+ {Accuracy: White = 69%, Black = 58%.} 1-0

[Event "4th Memorial Warakomska-A 2020"]
[Site "Suwalki"]
[Date "2020.08.13"]
[Round "9.8"]
[White "Leskiewicz, Ignacy"]
[Black "Szustakowski, Antoni"]
[Result "1/2-1/2"]
[WhiteElo "2190"]
[BlackElo "2295"]
[Annotator "TA"]
[PlyCount "83"]
[EventDate "2020.08.06"]
[EventType "swiss"]
[EventCountry "POL"]
[SourceTitle "playchess.com"]
[Source "ChessBase"]
[SourceQuality "1"]

{[%evp 10,83,21,16,25,25,27,16,21,12,20,8,18,11,21,16,27,9,25,-100,-77,-84,-77,-78,-72,-89,-106,-116,-108,-118,-117,-407,-203,-245,-174,-175,-181,-187,-168,-169,-167,-174,-172,-211,-178,-189,-127,-154,-157,-154,-152,-146,-82,-97,-97,-95,-86,-96,-101,-103,-82,-82,-82,-82,-77,-81,-75,-75,-75,-75,-75,-81,-60,-60,0,-77]} 1. e4 e6 2. d4 d5 3. Nd2 c5 4. exd5 Qxd5 5. Ngf3 cxd4 6. Bc4 Qd7 {C07: French Tarrasch: 3...c5, 4 Ngf3 and 4 exd5 Qxd5.} 7. O-O Nc6 8. Nb3 {[%cal Rb3d4]} Nf6 9. Bg5 {[%cal Rb3d4]} a6 10. Nbxd4 Nxd4 11. Nxd4 b5 12. Bb3 Bb7 13. Re1 {[%cal Rd4e6] Hoping for Nxe6!} Ne4 14. Bh4 (14. Bf4 $11 {remains equal.}) 14... g5 $17 15. Bg3 Nxg3 16. hxg3 {[%cal Rd4e6] aiming for Nxe6!} O-O-O $1 17. c3 h5 $1 18. a4 h4 $1 {[%cal Rh4g3]} 19. axb5 axb5 $40 {[%mdl 128] [#] Black wants a kill.} 20. Ra5 $146 {[%mdl 8192]} (20. Bc2 $17 {keeps fighting.}) ({Predecessor:} 20. Qg4 hxg3 21. Nxe6 gxf2+ 22. Kxf2 Bc5+ {0-1 (22) Ganguly,S (2658)-Peralta,F (2566) Linares 2019}) 20... hxg3 (20... h3 $142 21. Qa1 Bd6 22. Ra8+ Bb8) 21. Rxb5 $19 gxf2+ 22. Kxf2 Rh2 23. Qd3 {[%cal Rb3e6] With the idea Bxe6!} Rxg2+ 24. Kf1 {[#] Threatens to win with Rxb7!} Rd2 $1 {[%cal Rd2d3][%mdl 512]} 25. Qc4+ ({Don't go for} 25. Qg3 $2 Rxd4 26. Qxg5 Rd2 $19) (25. Qxd2 Qxb5+) 25... Qc7 {And now ...Ba6 would win.} 26. Qxc7+ Kxc7 27. Rxg5 Bh6 (27... Be7 $19 28. Rg7 Rh8) 28. Rc5+ {[#]} Kd6 $1 {[%cal Rd6c5]} 29. Rh5 Ba6+ ({Inferior is} 29... Rxb2 30. Rxh6 Ba6+ 31. c4 $11) 30. Nb5+ {[#]} Bxb5+ (30... Ke7 $142 $1 31. Rxh6 Bxb5+ 32. c4 R8d3 33. cxb5 Rxb3) 31. Rxb5 $17 Rxb2 32. Rd1+ Rd2 33. Rb7 Rxd1+ 34. Bxd1 {[%mdl 4096] Endgame KRB-KRB} Ke5 35. Bb3 Kf6 36. c4 Bf8 37. Ke2 Rc8 38. Kd3 Kg6 39. Ba4 Bc5 40. Ke4 Bd6 41. Kd4 Bc5+ 42. Ke4 $1 {Accuracy: White = 78%, Black = 82%.} 1/2-1/2

[Event "4th Memorial Warakomska-A 2020"]
[Site "Suwalki"]
[Date "2020.08.13"]
[Round "9.9"]
[White "Bugajski, Robert"]
[Black "Jarocka, Liwia"]
[Result "0-1"]
[WhiteElo "2081"]
[BlackElo "1934"]
[Annotator "TA"]
[PlyCount "68"]
[EventDate "2020.08.06"]
[EventType "swiss"]
[EventCountry "POL"]
[SourceTitle "playchess.com"]
[Source "ChessBase"]
[SourceQuality "1"]

{[%evp 11,68,11,12,8,40,-18,-10,-15,-12,-20,0,0,10,-2,-1,-18,-11,-5,-9,-25,-6,-21,-12,-21,-19,-42,-43,-64,-76,-68,-70,-147,-140,-217,-210,-213,-202,-344,-257,-270,-179,-170,-160,-191,-80,-516,-529,-1668,-1635,-1649,-1294,-29995,-29994,-29997,-2268,-2280,-1731,-1694,-1699]} 1. Nf3 c5 2. c4 Nc6 3. Nc3 g6 4. g3 Bg7 5. Bg2 d6 6. O-O Rb8 {6...Bf5 is setting a new trend. Played by Peter Svidler in June 2020.} 7. e3 {A37: Symmetrical English vs ...g6: 4 Bg2 Bg7 5 Nf3.} e5 8. d3 ({Better is} 8. d4 $1 $14) 8... Nge7 $11 9. a3 {The position is equal.} O-O 10. Rb1 a5 11. b3 h6 12. Bb2 Be6 13. Qc2 {[#]} b6 $146 ({Predecessor:} 13... Qd7 14. Rbc1 b6 15. Rfd1 Rfc8 16. Ba1 f5 {½-½ (16) Pruess,W (2156)-Soehnchen,A (2086) Nordrheinwestfalen 2011}) 14. Rbd1 d5 15. Rfe1 d4 16. exd4 cxd4 17. Nb5 Qd7 18. Rd2 g5 19. Rde2 {[%cal Rf3e5]} Ng6 $1 20. Nd2 Bh3 21. Bh1 {[#]} (21. Bxh3 $15 Qxh3 22. f3) 21... Nf4 $1 $17 {[%mdl 512]} 22. Re4 (22. Ne4 $17 Nxe2+ 23. Qxe2) (22. gxf4 Qg4+) 22... f5 $19 23. Rxf4 gxf4 24. c5 (24. Qd1 {is a better defense.}) 24... fxg3 25. hxg3 Kh8 26. cxb6 Ne7 27. Qc5 Ng6 (27... f4 $1 $19 {[%cal Rf4g3] is more deadly.} 28. Bxd4 (28. Rxe5 $2 fxg3 29. Qxd4 gxf2+ 30. Kh2 Rbd8 $19) 28... fxg3 29. fxg3 exd4 30. Rxe7 Qg4 $1 {[%mdl 512]} 31. Rxg7 Qd1+ 32. Kh2 Rf2+ {[%mdl 64] Double Attack} 33. Kxh3 Qxh1+ 34. Kg4 Qd1+ 35. Kh3 h5 36. Rg8+ {[%mdl 64] Decoy} Kxg8 37. Qd5+ Kh7 $1 {[%mdl 512]} 38. Qe4+ Kg7 39. Qe7+ Rf7 40. Qg5+ Kh7) 28. Nc4 $2 {[%mdl 8192] White does not recover from this.} (28. Qd5 $17 {is a better chance.} Qxd5 29. Bxd5) 28... f4 {Hoping for ...fxg3.} 29. Qc6 fxg3 30. f4 Nxf4 {( -> ...Ne2+!)} 31. Be4 Qxc6 32. Bxc6 {[#]} Nxd3 (32... Ne2+ $142 $1 {[%mdl 512]} 33. Kh1 (33. Rxe2 Rf1#) 33... Rf2 34. Nxa5 Rh2#) 33. Rd1 Nxb2 {[%mdl 64] Overworked Piece} 34. Nxb2 Rxb6 {Accuracy: White = 49%, Black = 68%.} 0-1

[Event "4th Memorial Warakomska-A 2020"]
[Site "Suwalki"]
[Date "2020.08.13"]
[Round "9.10"]
[White "Rosol, Alexander"]
[Black "Krasiewicz, Robert"]
[Result "0-1"]
[WhiteElo "1933"]
[BlackElo "2033"]
[Annotator "TA"]
[PlyCount "106"]
[EventDate "2020.08.06"]
[EventType "swiss"]
[EventCountry "POL"]
[SourceTitle "playchess.com"]
[Source "ChessBase"]
[SourceQuality "1"]

{[%evp 11,106,56,61,51,25,46,124,104,114,102,88,99,96,89,83,81,123,96,81,44,92,0,0,0,-13,-79,-33,-83,-62,-67,34,24,89,0,0,0,137,50,72,37,35,29,39,52,26,0,0,0,0,0,180,80,91,81,94,-7,-23,-275,0,0,79,0,0,0,0,0,0,-124,0,0,0,0,0,-418,-418,-418,-418,-387,-372,-542,-533,-604,-605,-593,-593,-577,-534,-621,-607,-705,-665,-1996,-2057,-29970,-29971,-29972,-29962]} 1. e4 g6 2. d4 Bg7 3. Nc3 d6 4. f4 a6 5. Nf3 b5 6. Bd3 Bb7 7. e5 {B06: Modern Defence.} c5 8. dxc5 dxc5 (8... dxe5 $1 $14 9. Qe2 (9. Nxe5 Qc7 $14) (9. fxe5 Nd7 $14) 9... exf4) 9. Qe2 {White is better.} Nh6 10. Be3 c4 11. Be4 Bxe4 12. Nxe4 O-O 13. O-O {[#]} Nf5 $146 ({Predecessor:} 13... Nc6 14. Rad1 Qc8 15. h3 f5 16. Nc5 Rd8 17. Ng5 Nf7 18. Nge6 Rxd1 19. Rxd1 Ra7 20. Nxg7 Kxg7 21. e6 Nd6 22. Nd7 Rb7 23. g4 Qg8 24. Bd4+ {1-0 (24) Kostolansky,S (2270)-Halak,M (2212) Banska Stiavnica 2017}) 14. Rad1 Qc7 15. e6 Nxe3 16. Qxe3 (16. exf7+ $1 $16 Rxf7 17. Qxe3) 16... f5 $1 $11 {[%cal Rf5e4]} 17. Nc3 Qa7 18. Kf2 (18. Qxa7 $11 Rxa7 19. Rd5) 18... Nc6 19. Rd7 Qxe3+ 20. Kxe3 Rfe8 (20... Rf6 $15) 21. Nd5 $36 {[%mdl 2048] White fights for an advantage.} Ra7 (21... Bxb2 $11 22. Nc7 {[%mdl 64] Double Attack} Rad8) 22. Rd1 (22. c3 $16) 22... Bxb2 $11 23. c3 Rea8 (23... Ba3 $1 $11 {keeps the balance.}) 24. Ne5 (24. Nd4 $1 $16 {[%cal Rd4c6]} Nxd4 25. Kxd4 Rxd7 26. exd7) 24... Nxe5 $14 25. fxe5 (25. Nxe7+ {with more complications.} Kf8 26. fxe5 Rxd7 27. Rxd7 Re8 28. Nd5) 25... Ba3 26. Kf4 {[%mdl 1024] White has compensation.} Bc5 27. h4 h5 28. Re1 (28. Nb4 $5 {[%cal Rb4c6]} Bxb4 29. cxb4 $14) 28... Kg7 29. Kg5 a5 30. Nf4 $1 Ra6 $2 {[#]} (30... b4 $11) 31. Nxg6 (31. a4 $1 $18 {and White stays clearly on top.}) 31... Rxe6 $16 32. Nf4 {[%mdl 64] Double Attack} Rc6 33. Red1 (33. Nxh5+ $16 Kf7 34. Kxf5) 33... b4 $11 34. Rb7 $2 {[%mdl 8192]} (34. Kxf5 $11 {and White is okay.} bxc3 35. Rc1 (35. Nxh5+ $2 Kh6 $19)) 34... Rb6 $2 ({Black should try} 34... bxc3 $19 {And now ...Ba3 would win.} 35. Re1 c2) 35. Nxh5+ Kf7 (35... Kg8 $11 36. Rc7 Be3+ 37. Kxf5 bxc3 38. Rxe7 (38. Rxc4 Rf8+ 39. Ke4 Bd2 $15) 38... c2) 36. Rxb6 (36. Rc7 $16 Rb5 37. Nf4 (37. Kxf5 bxc3 38. Ke4 Ba3 $16)) 36... Bxb6 37. Kxf5 $16 {[%mdl 4096] Endgame KRB-KRN} b3 38. e6+ Kg8 39. g4 (39. Nf4 $1 $11 {remains equal.}) 39... Bf2 ({Black should play} 39... Rd8 $17 40. Rb1 (40. Rxd8+ $2 Bxd8 41. axb3 cxb3 $19) 40... bxa2) 40. g5 Bxh4 {White must now prevent ...a4.} 41. Kg6 b2 (41... bxa2 {[#]} 42. Nf6+ $1 {[%mdl 512]} Kf8 43. Nd5 $18) 42. Nf6+ $2 {[%mdl 8192]} (42. a4 $1 $11 {and White stays safe.}) 42... exf6 $19 {KRB-KR} 43. e7 {[#] Rd8+ would kill now.} b1=Q+ $1 44. Rxb1 {White threatens Rd1 and mate.} fxg5 45. Rd1 (45. Rb6 $142 g4 46. Rb7) 45... Ra6+ 46. Kh5 Kf7 47. Rd4 Rc6 48. Re4 Ke8 49. Kg4 a4 50. Re5 Rc7 51. Ra5 Be1 52. Rxa4 Bxc3 53. Kxg5 Kxe7 {Accuracy: White = 46%, Black = 71%.} 0-1

[Event "4th Memorial Warakomska-A 2020"]
[Site "Suwalki"]
[Date "2020.08.13"]
[Round "9.11"]
[White "Rasti, Arvin"]
[Black "Wolanski, Michal"]
[Result "1-0"]
[WhiteElo "2139"]
[BlackElo "2019"]
[Annotator "TA"]
[PlyCount "75"]
[EventDate "2020.08.06"]
[EventType "swiss"]
[EventCountry "POL"]
[SourceTitle "playchess.com"]
[Source "ChessBase"]
[SourceQuality "1"]

{[%evp 10,74,29,19,29,29,89,88,102,89,177,182,196,197,200,110,158,167,179,162,200,203,225,227,239,237,253,227,317,172,237,167,161,162,166,161,163,166,172,147,164,131,138,110,110,99,114,110,140,155,218,218,480,471,855,845,1244,1244,6432,6379,29989,29990,29992,29993,29993,29994,29999]} 1. d4 Nf6 2. Nf3 c5 3. d5 b5 4. Bg5 Qb6 5. Bxf6 Qxf6 6. c3 Qb6 {A43: Schmid Benoni.} 7. e4 d6 (7... g6 $11) 8. Nbd2 $16 g6 {White is better.} 9. a4 {[#]} Bd7 $146 (9... bxa4 $16 10. Qxa4+ Bd7) ({Predecessor:} 9... bxa4 10. Nc4 Qc7 11. Qxa4+ Bd7 12. Qa5 Qxa5 13. Rxa5 a6 14. Bd3 Ra7 15. O-O Rb7 {½-½ (41) Usmanov,V (2366)-Andriasian,Z (2621) St Petersburg 2013}) 10. axb5 $18 Bg7 11. Nc4 Qb7 12. Bd3 ({White should play} 12. Qb3 $18) 12... O-O 13. Na5 Qb6 14. Qe2 e6 {intending ...exd5.} 15. Nc4 Qxb5 {Black hopes to continue with ...exd5.} 16. Nxd6 Qb3 {[#]} 17. O-O $1 {And now Bc4 would win.} exd5 18. exd5 Bg4 19. Ra3 (19. Bc4 $142 Bxf3 20. gxf3 (20. Bxb3 Bxe2 21. Rfe1 Bd3 $17)) 19... Bxf3 (19... Qb6 $142) 20. Rxb3 Bxe2 21. Bxe2 Nd7 22. Rb7 Nb6 23. Ra1 Rad8 24. Nc4 Nxd5 25. Rbxa7 Nf4 26. Bf3 Nd3 27. Rb7 Ne5 28. Be2 Nxc4 29. Bxc4 Rd2 (29... Rb8 $16 {keeps fighting.} 30. Bxf7+ Kh8) 30. g3 {aiming for Raa7.} h5 $2 (30... Rdd8 31. Raa7 Ra8 32. Bxf7+ Kh8 33. Rxa8 Rxa8) 31. Raa7 g5 (31... Kh7 $142 32. Bxf7 Kh6) 32. Bxf7+ {[%mdl 64] [#] Double Attack} Kh8 33. Bc4 Rd1+ 34. Kg2 Rd2 35. Rxg7 {[%csl Ga7][%cal Rg7h7] White mates.} Rfxf2+ 36. Kg1 {[%csl Ga7][%cal Rg7h7]} Rg2+ 37. Kf1 {[%csl Ga7][%cal Rg7h7]} g4 38. Rh7# {Accuracy: White = 69%, Black = 36%.} 1-0

[Event "4th Memorial Warakomska-A 2020"]
[Site "Suwalki"]
[Date "2020.08.13"]
[Round "9.12"]
[White "Budzisz, Adrian"]
[Black "Staroszczyk, Mateusz"]
[Result "1-0"]
[WhiteElo "1823"]
[BlackElo "1984"]
[Annotator "TA"]
[PlyCount "126"]
[EventDate "2020.08.06"]
[EventType "swiss"]
[EventCountry "POL"]
[SourceTitle "playchess.com"]
[Source "ChessBase"]
[SourceQuality "1"]

{[%evp 24,126,38,28,42,37,65,65,66,39,64,59,59,58,66,60,102,59,62,56,128,122,177,183,152,192,181,124,287,84,81,68,50,33,83,27,90,100,222,231,222,156,162,123,134,0,0,0,0,0,0,0,8,8,8,8,12,0,11,10,31,0,85,21,74,55,31,5,70,42,93,89,238,222,357,355,454,265,251,265,453,433,489,433,715,657,29982,29983,29987,29978,29978,29979,29983,29977,29973,29976,29948,843,704,775,1344,1216,29980,29981,29981]} 1. e4 c5 2. Nf3 g6 3. c4 Bg7 4. d4 cxd4 5. Nxd4 Nf6 6. Nc3 O-O 7. Be2 d6 8. Be3 Nc6 9. O-O Bd7 10. Qd2 Ng4 11. Bxg4 Bxg4 12. f3 Bd7 13. Rfd1 Re8 {B38: Sicilian: Maroczy Bind with 5...Bg7 and 7...0-0.} 14. Rac1 Ne5 15. b3 Rc8 {White is slightly better.} 16. Nde2 b6 17. Nd5 Bc6 {[#]} 18. Nd4 $146 ({Predecessor:} 18. a4 Rb8 19. Nec3 a6 20. Qf2 Nd7 21. Kh1 Nc5 22. Qc2 Nd7 23. Bg5 h6 24. Bh4 {1-0 (41) Horvath,G (2440)-Oberst,T (2295) Balatonbereny 1995}) 18... Ba8 19. Nb5 Nc6 20. Qf2 Qd7 $1 21. f4 Qb7 (21... Nd8 $14) 22. f5 {aiming for f6.} Be5 (22... a6 $16 {was necessary.}) 23. f6 $18 a6 24. Nbc3 (24. Bxb6 e6 $11) (24. Nxb6 axb5 25. cxb5 Na7 $11) 24... b5 25. fxe7 (25. Bf4 $18) 25... b4 $2 (25... Nxe7 $16 26. Bd4 Nxd5 27. Nxd5 Re6 28. Bxe5 dxe5) 26. Na4 $2 (26. Nf6+ $18 {and White stays clearly on top.} Bxf6 27. Qxf6 Qxe7 28. Nd5) 26... Nxe7 $16 27. Nab6 Nxd5 28. Nxd5 {Hoping for Bd4.} Re6 29. Rf1 (29. Bd4 $16) 29... Bg7 (29... Rce8 $1 $11 {keeps the balance.}) 30. Bd4 Rce8 (30... Rf8 $16) 31. Bxg7 $18 Kxg7 32. Qd4+ Re5 33. Rf4 Qb8 34. Rcf1 (34. Nf6 $1 $16 {[%cal Rf6e8]} R8e7 35. Ng4 {[%mdl 64] Pin}) 34... Bxd5 $1 $11 35. exd5 R8e7 36. Re4 f6 37. Rxe5 fxe5 {[%mdl 4096] Endgame KQR-KQR} 38. Qf2 $36 {[%mdl 2048] Qf6+ would kill now. White has good play.} Qa7 39. Qxa7 Rxa7 {KR-KR} 40. Rc1 Rc7 41. Kf2 a5 42. Ke3 (42. a3 $5) 42... Rc5 (42... a4 $11 {remains equal.}) 43. Ke4 ({Better is} 43. a3 $16) 43... Kf6 (43... h5 $11) 44. Rf1+ $16 Ke7 45. g4 a4 (45... Rc8 $11) 46. Rf3 $1 $14 {[%cal Rf3h3] Black must now prevent Rh3.} axb3 (46... Ke8 $14) 47. axb3 $16 {Strongly threatening Rh3. White leaves nothing to chance now.} Ra5 (47... Ke8 $16) 48. Rh3 $18 Ra3 (48... Ra1 {might work better.} 49. Rxh7+ Kd8) 49. Rxh7+ Ke8 50. Rg7 (50. c5 $142) 50... Rxb3 51. Rxg6 Kd7 $2 (51... Rc3 52. Rxd6 Rxc4+ 53. Kf5 (53. Kxe5 Rxg4 54. Rh6 Kd7 $14) 53... Rf4+ 54. Kg5 (54. Kxe5 Rxg4 55. Rh6 Kd7 $14) 54... Ke7 55. Re6+ Kd7) 52. Rg7+ Kc8 {[#]} 53. c5 $1 dxc5 (53... Rb2 $142 54. h4 (54. cxd6 Rxh2 55. Rc7+ Kd8 $18) 54... dxc5) 54. d6 Rc3 55. Kd5 Rd3+ 56. Kc6 {[%cal Rg7g8]} Kb8 57. d7 c4 58. Kb6 {[%cal Rg7g8]} Rd6+ {[#]} 59. Kc5 $1 {[%mdl 576] Double Attack} Rd4 60. Kxb4 (60. Rg8+ $142 Kc7 {[#]} 61. d8=Q+ $1 {[%mdl 512]} Rxd8 62. Rxd8 b3 63. Kxc4 Kxd8 64. Kxb3 Ke7 65. Kc3) 60... Kc7 61. Kc3 Kd8 62. h4 Rf4 63. h5 Rf3+ {Accuracy: White = 63%, Black = 39%.} 1-0

[Event "4th Memorial Warakomska-A 2020"]
[Site "Suwalki"]
[Date "2020.08.13"]
[Round "9.13"]
[White "Jakhari, Ansh"]
[Black "Jurkiewicz, Krzysztof"]
[Result "1-0"]
[WhiteElo "1908"]
[BlackElo "2275"]
[Annotator "TA"]
[PlyCount "68"]
[EventDate "2020.08.06"]
[EventType "swiss"]
[EventCountry "POL"]
[SourceTitle "playchess.com"]
[Source "ChessBase"]
[SourceQuality "1"]

{[%evp 24,68,56,46,52,58,45,39,115,52,45,59,82,82,95,61,80,65,103,68,268,250,258,237,416,406,1259,1217,1256,1249,1225,1230,1220,1234,1706,1347,2320,1245,2422,1156,1328,1304,1225,1052,997,0,2101]} 1. e4 c5 2. Nf3 d6 3. d4 cxd4 4. Nxd4 Nf6 5. Nc3 g6 6. Be3 Bg7 7. f3 O-O 8. Qd2 Nc6 9. Bc4 Nd7 10. O-O-O Nb6 11. Bb3 Na5 12. Qd3 Bd7 13. h4 Rc8 {B77: Sicilian Dragon: Yugoslav Attack, 9 Bc4 sidelines.} 14. h5 Nbc4 $1 15. hxg6 hxg6 {[#]} (15... fxg6 $14 16. Bg5 Nxb3+ 17. cxb3 Ne5) 16. Bh6 ({White should play} 16. Bg5 $1 $16) 16... e5 $1 $14 {Threatens to win with ...Bxh6+.} 17. Bxg7 Qg5+ {White stays focused until the end.} 18. Kb1 Kxg7 19. Nde2 b5 20. g3 $36 {[%mdl 2048] White has some pressure.} b4 21. f4 exf4 $2 (21... Qd8 $14) 22. gxf4 $18 Qf6 23. e5 $1 {[%cal Re5f6] [#]} Qf5 $146 (23... dxe5 24. Ne4 (24. Qxd7 bxc3 25. fxe5 Qxe5 $17) 24... Qc6) ({Predecessor:} 23... dxe5 24. Ne4 Qc6 25. Nd4 Qb6 26. fxe5 Nxe5 27. Qg3 Nac4 28. Nd6 Rh8 29. Nxc4 Nxc4 {0-1 (37) Lobron,E (2530)-Kalka,A (2378) Bad Wiessee 2000}) 24. Ne4 Bb5 (24... d5 $142 25. Nf6 Rh8) 25. Nf6 {[%csl Gf6][%cal Rh1h7]} Rh8 26. Qxf5 {White wants to mate with Ne8+!} Rxh1 {[#]} 27. Nh5+ $1 Rxh5 (27... gxh5 28. Rxh1) 28. Qxc8 Nb6 29. Qg4 dxe5 30. Rg1 Rh2 31. Nc1 Nbc4 32. Bxc4 Nxc4 33. Qg3 Rh5 34. Qg4 $2 (34. Nd3 $18) 34... a5 $2 {[%mdl 8192] Accuracy: White = 66%, Black = 49%.} (34... Rh2 $11 35. fxe5 Nxe5 36. Qxb4 a6) 1-0